000 00373nam a22001451a 4500
020 _a9780340768334
082 _a158.1
_bNEA/A
100 _aNeale Donald Walsch
245 _aApplications for living/
_cby Neale Donald Walsch
260 _aLondon:
_bHodder& Stoughton,
_c1999.
300 _a334p.
650 _aPersonality Development
650 _aPsychology
942 _cBK
999 _c2647
_d2647